Statystyki dla Państwa z największym spożyciem mleka

Kliknij tutaj aby rozwiązać quiz!

Ogólne statystyki

  • Ten quiz został rozwiązany 49 razy
  • Średni wynik to 24 z 30

Statystyki odpowiedzi

KilogramyPaństwo% Poprawnych
258Niemcy
100%
205Polska
100%
241Francja
96%
341Szwecja
96%
246Włochy
96%
430Finlandia
93%
261Norwegia
93%
205Portugalia
93%
254Stany Zjednoczone
93%
277Dania
91%
164Hiszpania
91%
341Holandia
91%
232Wielka Brytania
91%
258Austria
89%
236Belgia
89%
195Czechy
87%
255Grecja
87%
291Irlandia
87%
187Kanada
87%
295Litwa
87%
318Szwajcaria
87%
284Estonia
80%
193Turcja
80%
234Australia
78%
195Argentyna
73%
303Albania
44%
349Czarnogóra
44%
288Kazachstan
44%
193Izrael
40%
183Pakistan
22%

Rozkład punktacji

Percentyl według liczby udzielonych odpowiedzi

Procent ludzi z każdym wynikiem

Twoja historia wyników

Nie rozwiązałeś tego quizu